Fundamentos de neurofisiología / (Record no. 139977)

MARC details
000 -LEADER
campo de control de longitud fija 01123nam a2200313 i 4500
001 - NÚMERO DE CONTROL
campo de control 139977
003 - IDENTIFICADOR DE NÚMERO DE CONTROL
campo de control ES-MaACL
005 - FECHA Y HORA DE LA ÚLTIMA TRANSACCIÓN
campo de control 20230906195949.0
007 - CAMPO FIJO DE DESCRIPCIÓN FÍSICA--INFORMACIÓN GENERAL
campo de control de longitud fija t|
008 - DATOS DE LONGITUD FIJA--INFORMACIÓN GENERAL
campo de control de longitud fija 070214s1980 sp r ||||1| spa d
020 ## - NÚMERO INTERNACIONAL ESTÁNDAR DEL LIBRO
Número Internacional Estándar del Libro 84-206-8021-4
080 ## - NÚMERO DE LA CLASIFICACIÓN DECIMAL UNIVERSAL
Número de la Clasificación Decimal Universal 612.8
100 1# - ENTRADA PRINCIPAL--NOMBRE DE PERSONA
Nombre de persona Schmidt, Robert F.
9 (RLIN) 104492
245 10 - MENCIÓN DEL TÍTULO
Título Fundamentos de neurofisiología /
Mención de responsabilidad, etc. Robert F. Schmidt ; con contribuciones de J. Dudel ... [et al.] ; versión de Álvaro de Bueren Schreiber, Arnulf Meyer Meckelburger ; revisión técnica, José Luis Bardasano Rubio.
260 ## - PUBLICACIÓN, DISTRIBUCIÓN, ETC.
Lugar de publicación, distribución, etc. Madrid :
Nombre del editor, distribuidor, etc. Alianza Editorial,
Fecha de publicación, distribución, etc. [1980]
300 ## - DESCRIPCIÓN FÍSICA
Extensión 392 p. ;
Dimensiones 23 cm.
490 1# - MENCIÓN DE SERIE
Mención de serie Alianza Universidad. Textos ;
Designación de volumen o secuencia 21
504 ## - NOTA DE BIBLIOGRAFÍA, ETC.
Nota de bibliografía, etc. Bibliografía: p. 362-368.
650 #4 - PUNTO DE ACCESO ADICIONAL DE MATERIA--TÉRMINO DE MATERIA
Término de materia o nombre geográfico como elemento de entrada Neurofisiología.
9 (RLIN) 15528
700 1# - ENTRADA AGREGADA--NOMBRE PERSONAL
Nombre de persona Dudel, J.
9 (RLIN) 45863
700 1# - ENTRADA AGREGADA--NOMBRE PERSONAL
Nombre de persona Jèanig, W.
9 (RLIN) 128419
700 1# - ENTRADA AGREGADA--NOMBRE PERSONAL
Nombre de persona Bueren Schreiber, Alvaro de.
9 (RLIN) 32415
700 1# - ENTRADA AGREGADA--NOMBRE PERSONAL
Nombre de persona Mackelburger, Arnulf Meyer.
9 (RLIN) 75251
700 1# - ENTRADA AGREGADA--NOMBRE PERSONAL
Nombre de persona Bardasano Rubio, José Luis.
9 (RLIN) 25577
830 0# - PUNTO DE ACCESO ADICIONAL DE SERIE-TÍTULO UNIFORME
Título uniforme Alianza Universidad. Textos ;
Designación de volumen o secuencia 21
9 (RLIN) 177885
852 4# - LOCALIZACIÓN
Ubicación ES-MaACL
Número de control de estantería C-28459
852 4# - LOCALIZACIÓN
Ubicación ES-MaACL
Número de control de estantería L-128
Holdings
Estatus retirado Estado de pérdida Estado de daño No para préstamo Biblioteca de origen Biblioteca actual Ubicación en estantería Fecha de adquisición Fuente de adquisición Total de préstamos Signatura topográfica completa Código de barras Visto por última vez Precio de reemplazo Tipo de ítem Koha
        Biblioteca del Ateneo de Madrid Biblioteca del Ateneo de Madrid Depósito 2 17/01/2008     L-128 1145665 23/02/2023 23/02/2023 Libro impreso
        Biblioteca del Ateneo de Madrid Biblioteca del Ateneo de Madrid Depósito 2 17/01/2008     C-28459 1145664 23/02/2023 23/02/2023 Libro impreso